000 01703nad a2200433 a 4500
001 MIU01000000000000012353900
003 MiU
005 20231010141511.0
007 cr mnummmmuuuu
008 090825s2010 caua sb 001 0 eng d
024 7 _a2027/heb31281
_2hdl
040 _aNyNyACL
_cNyNyACL
090 _aKPT834
_b(INTERNET)
100 1 _aEngel, David M.
_950299
245 1 0 _aTort, custom, and karma
_h[electronic resource] :
_bglobalization and legal consciousness in Thailand /
_cDavid M. Engel and Jaruwan S. Engel.
300 _axiii, 190 p. :
_bill. ;
_c23 cm.
490 1 _aCultural lives of law
504 _aIncludes bibliographical references and index.
505 0 _aBuajan's injury narrative -- Chiangmai : a history of globalizations -- State law and the law of sacred centers -- Injury practices in a transformed society -- Litigation -- Justice -- Ming's injury narrative.
650 0 _zThailand.
_950300
650 0 _zThailand.
_950300
650 0 _zThailand.
_950300
700 1 _aEngel, Jaruwan S.
_950301
830 0 _aCultural lives of law.
_950302
830 0 _aACLS Humanities E-Book.
_950303
856 4 0 _zVolltext
_uhttps://hdl.handle.net/2027/heb31281
942 _cEB
500 _aE-Book-ACLS / Zugriff nur im DHI-Lesesaal
653 _aTorts
653 _aLaw and globalization
653 _aBuddhism and law
653 _aCulture and law.
336 _2rdacontent
_btxt
_aText
337 _2rdamedia
_bbc
_aComputermedien
338 _2rdacarrier
_bcr
_aOnline Ressource
264 _aStanford, Calif. :
_bStanford Law Books,
_cc2010.
041 _aeng
500 _aAmerican Council of Learned Societies/ https://www.humanitiesebook.org/about/
999 _c68143
_d68143